Statistics for Five Biggest Cities by Continent by Letter - I

Click here to take the quiz!

General Stats

  • This quiz has been taken 157 times
  • The average score is 8 of 26

Answer Stats

Population Country City % Correct
14,026,000TurkeyIstanbul
99%
855,000USAIndianapolis
89%
2,848,000TurkeyIzmir
77%
2,890,000South KoreaIncheon
71%
2,560,000NigeriaIbadan
64%
1,961,000IranIsfahan
57%
2,170,000IndiaIndore
39%
290,000RomaniaIasi
27%
266,000USAIrvine
22%
238,000USAIrving
21%
48,000New ZealandInvercargill
20%
437,000PeruIquitos
18%
643,000RussiaIzhevsk
18%
778,000NigeriaIlorin
14%
509,000NigeriaIfe
11%
408,000RussiaIvanovo
10%
533,000ColombiaIbagué
8%
231,000UkraineIvano-Frankivsk
6%
398,000MexicoIrapuato
5%
257,000BrazilIpatinga
4%
251,000ColombiaItagüí
3%
358,000MexicoIxtapaluca
3%
357,000BrazilItaquaquecetuba
3%
536,000NigeriaIkorodu
2%
285,000Nigerialseyin
0%

Score Distribution

Percentile by Number Answered

Percent of People with Each Score

Your Score History

You have not taken this quiz